000 003780000a22001570004500
001 000255
003 MACL
040 _aMACL
090 _c255
_d255
100 _aParamasivan, Jaya
245 _aThe Mysterious Intruder
_bA Gripping Tale Of Cosmic Threat
_cJaya Paramasivan
260 _aVikas Publishing House,
_c1998
350 _a30
650 _aScience
942 _k500
_cBook
999 _c49562
_d49562